[Event "World Chess Olympiad 2018"]
[Site "Batumi"]
[Date "2018.10.02"]
[Round "8"]
[Board "2"]
[WhiteFideId "12202576"]
[White "Abdelazeez Mohamed Abdalla"]
[BlackFideId "15600017"]
[Black "Wojciechowski Paul"]
[Result "1/2-1/2"]
[LiveChessVersion "1.4.8"]
[BlackElo "1904"]
[WhiteElo "2183"]

1. Nf3 {[%clk 1:30:43]} Nf6 {[%clk 1:30:19]} 2. c4 {[%clk 1:30:55]} g6
{[%clk 1:29:47]} 3. Nc3 {[%clk 1:30:48]} d5 {[%clk 1:29:23]} 4. e3
{[%clk 1:30:20]} Bg7 {[%clk 1:27:28]} 5. b3 {[%clk 1:27:08]} O-O {[%clk 1:23:38]}
6. Bb2 {[%clk 1:25:07]} c5 {[%clk 1:13:52]} 7. Na4 {[%clk 1:20:02]} b6
{[%clk 1:00:21]} 8. d4 {[%clk 1:08:37]} cxd4 {[%clk 0:51:31]} 9. Nxd4
{[%clk 1:08:01]} Bb7 {[%clk 0:49:21]} 10. Nf3 {[%clk 1:01:55]} Nbd7
{[%clk 0:44:37]} 11. Be2 {[%clk 1:00:38]} Rc8 {[%clk 0:42:17]} 12. O-O
{[%clk 1:00:31]} dxc4 {[%clk 0:34:22]} 13. Bxc4 {[%clk 0:59:02]} a6
{[%clk 0:33:35]} 14. Be2 {[%clk 0:57:28]} b5 {[%clk 0:30:13]} 15. Nc3
{[%clk 0:57:33]} Ne4 {[%clk 0:26:59]} 16. Nxe4 {[%clk 0:57:54]} Bxb2
{[%clk 0:27:22]} 17. Rb1 {[%clk 0:58:22]} Bg7 {[%clk 0:27:33]} 18. Ng3
{[%clk 0:56:31]} Nf6 {[%clk 0:23:18]} 19. a4 {[%clk 0:55:04]} Nd5
{[%clk 0:17:39]} 20. axb5 {[%clk 0:50:20]} axb5 {[%clk 0:17:17]} 21. Rc1
{[%clk 0:39:23]} Nc3 {[%clk 0:16:47]} 22. Qxd8 {[%clk 0:39:32]} Rfxd8
{[%clk 0:17:13]} 23. Rfe1 {[%clk 0:39:46]} Bd5 {[%clk 0:10:36]} 24. b4
{[%clk 0:38:41]} Bc4 {[%clk 0:07:06]} 25. Bxc4 {[%clk 0:25:24]} Rxc4
{[%clk 0:07:23]} 26. h3 {[%clk 0:25:44]} Rxb4 {[%clk 0:07:20]} 27. Nd4
{[%clk 0:25:32]} Bxd4 {[%clk 0:04:57]} 28. exd4 {[%clk 0:25:51]} Nd5
{[%clk 0:05:22]} 29. Rc5 {[%clk 0:25:50]} e6 {[%clk 0:04:38]} 30. Ra1
{[%clk 0:26:06]} Rb2 {[%clk 0:04:06]} 31. Ra7 {[%clk 0:26:18]} b4
{[%clk 0:04:12]} 32. Rb5 {[%clk 0:26:28]} Rd2 {[%clk 0:03:26]} 33. Rbb7
{[%clk 0:26:42]} Rf8 {[%clk 0:03:26]} 34. Ne4 {[%clk 0:26:50]} Rxd4
{[%clk 0:02:56]} 35. Ng5 {[%clk 0:26:06]} Nf6 {[%clk 0:00:48]} 36. Nxf7
{[%clk 0:26:07]} Rd5 {[%clk 0:00:37]} 37. Nh6+ {[%clk 0:25:38]} Kh8
{[%clk 0:01:06]} 38. g4 {[%clk 0:24:48]} g5 {[%clk 0:01:00]} 39. Kh2
{[%clk 0:21:49]} b3 {[%clk 0:00:50]} 40. h4 {[%clk 0:51:51]} b2 {[%clk 0:30:41]}
41. hxg5 {[%clk 0:51:59]} Rxg5 {[%clk 0:30:53]} 42. f4 {[%clk 0:51:32]} Nxg4+
{[%clk 0:13:02]} 43. Kg3 {[%clk 0:51:28]} b1=Q {[%clk 0:13:18]} 44. Rxb1
{[%clk 0:51:31]} Rg6 {[%clk 0:13:42]} 45. Nxg4 {[%clk 0:46:59]} Rfg8
{[%clk 0:14:02]} 46. Rbb7 {[%clk 0:45:27]} 1/2-1/2

[Event "World Chess Olympiad 2018"]
[Site "Batumi"]
[Date "2018.10.02"]
[Round "8"]
[Board "3"]
[WhiteFideId "15600106"]
[White "Mooney Graham"]
[BlackFideId "12202606"]
[Black "Mohamed Faisal"]
[Result "0-1"]
[LiveChessVersion "1.4.8"]
[BlackElo "2127"]
[WhiteElo "1892"]

1. e4 {[%clk 1:30:52]} c5 {[%clk 1:30:42]} 2. Nf3 {[%clk 1:31:13]} Nc6
{[%clk 1:31:03]} 3. d4 {[%clk 1:31:29]} cxd4 {[%clk 1:31:25]} 4. Nxd4
{[%clk 1:31:51]} g6 {[%clk 1:31:49]} 5. Nc3 {[%clk 1:30:21]} Bg7 {[%clk 1:32:12]}
6. Be3 {[%clk 1:30:11]} Nf6 {[%clk 1:32:22]} 7. Bc4 {[%clk 1:29:47]} d6
{[%clk 1:32:00]} 8. h3 {[%clk 1:28:20]} O-O {[%clk 1:31:44]} 9. O-O
{[%clk 1:27:27]} Bd7 {[%clk 1:31:32]} 10. Bb3 {[%clk 1:27:18]} Rc8
{[%clk 1:22:06]} 11. Qd2 {[%clk 1:23:55]} Na5 {[%clk 1:21:18]} 12. Rfe1
{[%clk 1:17:06]} a6 {[%clk 1:16:42]} 13. Bh6 {[%clk 1:14:11]} Nc4
{[%clk 1:14:32]} 14. Bxc4 {[%clk 1:13:44]} Rxc4 {[%clk 1:14:56]} 15. Bxg7
{[%clk 1:14:10]} Kxg7 {[%clk 1:15:09]} 16. b3 {[%clk 1:11:53]} Rc5
{[%clk 1:13:35]} 17. Re3 {[%clk 1:06:06]} e5 18. Nf3 {[%clk 1:01:32]} Qc7
{[%clk 0:44:10]} 19. Ne1 {[%clk 0:54:16]} Be6 {[%clk 0:36:23]} 20. Na4
{[%clk 0:46:38]} Rc6 {[%clk 0:36:12]} 21. c4 {[%clk 0:42:47]} b5 {[%clk 0:35:59]}
22. cxb5 {[%clk 0:41:35]} axb5 {[%clk 0:36:26]} 23. Nb2 {[%clk 0:40:05]} d5
{[%clk 0:30:09]} 24. exd5 {[%clk 0:36:05]} Nxd5 {[%clk 0:30:18]} 25. Rg3
{[%clk 0:34:44]} Nf4 {[%clk 0:22:17]} 26. Rd1 {[%clk 0:26:17]} b4
{[%clk 0:19:11]} 27. Nbd3 {[%clk 0:22:35]} Rd8 {[%clk 0:17:59]} 28. Qb2
{[%clk 0:16:31]} Rc3 {[%clk 0:16:07]} 29. Rd2 {[%clk 0:14:25]} Qd6
{[%clk 0:13:50]} 30. Re3 {[%clk 0:07:26]} Bf5 {[%clk 0:10:35]} 31. Kh1
{[%clk 0:04:40]} Nxd3 {[%clk 0:08:44]} 32. Nxd3 {[%clk 0:04:40]} Bxd3
{[%clk 0:08:19]} 33. f4 {[%clk 0:04:46]} Qd4 {[%clk 0:07:19]} 34. Rxe5
{[%clk 0:04:06]} Qxf4 {[%clk 0:07:18]} 35. Re1 {[%clk 0:04:20]} Rd4
{[%clk 0:06:43]} 36. a3 {[%clk 0:03:20]} Be4 {[%clk 0:06:50]} 37. Rf2
{[%clk 0:03:27]} Rxh3+ {[%clk 0:07:01]} 38. Kg1 {[%clk 0:03:38]} Qh2+
{[%clk 0:07:27]} 39. Kf1 {[%clk 0:03:37]} Bd3+ {[%clk 0:06:57]} 40. Rfe2
{[%clk 0:33:25]} Rhh4 {[%clk 0:36:09]} 0-1

[Event "World Chess Olympiad 2018"]
[Site "Batumi"]
[Date "2018.10.02"]
[Round "8"]
[Board "4"]
[WhiteFideId "12200174"]
[White "Khalid El Amin"]
[BlackFideId "15600289"]
[Black "Ponomarenko John"]
[Result "1-0"]
[LiveChessVersion "1.4.8"]
[BlackElo "1631"]
[WhiteElo "2054"]

1. Nf3 {[%clk 1:30:54]} e6 {[%clk 1:30:38]} 2. c4 {[%clk 1:31:03]} f5
{[%clk 1:30:45]} 3. e3 {[%clk 1:29:52]} Nf6 {[%clk 1:30:48]} 4. Nc3
{[%clk 1:29:22]} Be7 {[%clk 1:30:52]} 5. d4 {[%clk 1:29:20]} O-O {[%clk 1:30:39]}
6. Bd3 {[%clk 1:26:50]} d6 {[%clk 1:29:28]} 7. O-O {[%clk 1:26:11]} Ne8
{[%clk 1:27:58]} 8. e4 {[%clk 1:20:12]} c5 {[%clk 1:20:45]} 9. exf5
{[%clk 1:18:04]} exf5 {[%clk 1:17:13]} 10. Nd5 {[%clk 1:16:13]} Nf6
{[%clk 1:12:22]} 11. Nxe7+ {[%clk 1:13:38]} Qxe7 {[%clk 1:12:08]} 12. Re1
{[%clk 1:13:45]} Qd7 {[%clk 1:10:39]} 13. d5 h6 {[%clk 1:08:39]} 14. Nh4
{[%clk 1:06:02]} Qf7 {[%clk 1:03:48]} 15. Nxf5 {[%clk 1:03:13]} Bxf5
{[%clk 1:03:00]} 16. Bxf5 {[%clk 1:03:31]} Nh7 {[%clk 1:01:38]} 17. Be6
{[%clk 1:03:38]} Nd7 {[%clk 1:01:08]} 18. Bf4 {[%clk 1:02:21]} Kh8
{[%clk 1:00:49]} 19. Bxf7 {[%clk 1:02:38]} Rxf7 {[%clk 1:01:12]} 20. Bxd6
{[%clk 1:02:49]} 1-0

[Event "World Chess Olympiad 2018"]
[Site "Batumi"]
[Date "2018.10.02"]
[Round "8"]
[Board "1"]
[WhiteFideId "12000027"]
[White "Frick Renato"]
[BlackFideId "1018000"]
[Black "Blijstra Wim"]
[Result "1-0"]
[LiveChessVersion "1.4.8"]
[BlackElo "2211"]
[WhiteElo "2058"]

1. e4 {[%clk 1:30:56]} c5 {[%clk 1:30:54]} 2. Nf3 {[%clk 1:31:17]} d6
{[%clk 1:31:14]} 3. d4 {[%clk 1:31:40]} cxd4 {[%clk 1:31:41]} 4. Nxd4
{[%clk 1:32:03]} Nf6 {[%clk 1:32:03]} 5. Nc3 {[%clk 1:32:27]} a6 {[%clk 1:32:21]}
6. Be2 {[%clk 1:32:51]} b5 {[%clk 1:32:34]} 7. O-O {[%clk 1:32:25]} Bb7
{[%clk 1:32:42]} 8. Bf3 {[%clk 1:32:15]} Nbd7 {[%clk 1:31:42]} 9. Bg5
{[%clk 1:31:23]} e6 {[%clk 1:31:54]} 10. Qe2 {[%clk 1:31:03]} Be7
{[%clk 1:32:14]} 11. a4 {[%clk 1:23:57]} h6 {[%clk 1:27:14]} 12. Bxf6
{[%clk 1:19:37]} Bxf6 {[%clk 1:27:20]} 13. Rfd1 {[%clk 1:18:06]} b4
{[%clk 1:27:02]} 14. Na2 {[%clk 1:18:24]} Qb6 {[%clk 1:26:51]} 15. Qd2
{[%clk 1:14:10]} b3 {[%clk 1:20:55]} 16. Nxb3 {[%clk 1:08:52]} Ne5
{[%clk 1:07:07]} 17. Na5 {[%clk 0:57:44]} O-O {[%clk 1:07:03]} 18. Qb4
{[%clk 0:55:57]} Qxb4 {[%clk 1:06:11]} 19. Nxb4 {[%clk 0:56:09]} Rab8
{[%clk 1:06:40]} 20. c3 {[%clk 0:55:26]} Bd8 {[%clk 1:02:08]} 21. Nxb7
{[%clk 0:46:23]} Rxb7 22. a5 {[%clk 0:46:11]} Nc4 {[%clk 0:59:39]} 23. Be2
{[%clk 0:43:27]} Nxa5 {[%clk 1:00:01]} 24. Rxd6 {[%clk 0:42:56]} Be7
{[%clk 0:59:45]} 25. Rxa6 {[%clk 0:42:21]} Bxb4 {[%clk 0:59:42]} 26. cxb4
{[%clk 0:42:09]} Nb3 {[%clk 1:00:08]} 27. R1a4 {[%clk 0:40:39]} Rc8
{[%clk 1:00:16]} 28. Rd6 {[%clk 0:34:10]} Rc2 {[%clk 0:56:32]} 29. Bd3
{[%clk 0:28:26]} Rc1+ {[%clk 0:55:59]} 30. Bf1 {[%clk 0:28:49]} e5
{[%clk 0:55:47]} 31. f4 {[%clk 0:27:09]} Rb1 {[%clk 0:54:50]} 32. fxe5
{[%clk 0:26:26]} Rxb2 {[%clk 0:55:11]} 33. e6 {[%clk 0:21:27]} fxe6
{[%clk 0:55:18]} 34. Bc4 {[%clk 0:21:14]} Nd2 {[%clk 0:48:37]} 35. Bxe6+
{[%clk 0:20:59]} Kf8 {[%clk 0:49:03]} 36. Bd5 {[%clk 0:16:22]} Rc7
{[%clk 0:43:52]} 37. Rc6 {[%clk 0:15:27]} Rxc6 {[%clk 0:43:22]} 38. Bxc6
{[%clk 0:15:51]} Nc4 {[%clk 0:43:13]} 39. b5 {[%clk 0:16:05]} Ne3
{[%clk 0:43:31]} 40. e5 {[%clk 0:46:19]} h5 {[%clk 1:11:12]} 41. h3
{[%clk 0:46:02]} Ke7 {[%clk 1:11:37]} 42. Ra7+ {[%clk 0:42:13]} Ke6
{[%clk 1:11:56]} 43. Rxg7 {[%clk 0:41:43]} h4 {[%clk 1:12:20]} 44. Rh7
{[%clk 0:40:33]} Kxe5 {[%clk 1:11:21]} 45. Re7+ {[%clk 0:35:46]} Kd4
{[%clk 0:56:52]} 46. Re4+ {[%clk 0:35:19]} Kd3 {[%clk 0:57:18]} 47. Rxh4
{[%clk 0:35:01]} Ke2 {[%clk 0:57:18]} 48. Bf3+ {[%clk 0:29:33]} Kd3
{[%clk 0:57:27]} 49. Be4+ {[%clk 0:28:11]} Ke2 {[%clk 0:57:49]} 50. Rh5
{[%clk 0:27:08]} Rb4 {[%clk 0:58:00]} 51. Re5 {[%clk 0:26:39]} Rb2
{[%clk 0:57:14]} 52. h4 {[%clk 0:25:53]} Ra2 {[%clk 0:57:40]} 53. Bf3+
{[%clk 0:25:19]} Kd3 {[%clk 0:58:08]} 54. h5 {[%clk 0:22:58]} Nc4
{[%clk 0:58:11]} 1-0

[Event "World Chess Olympiad 2018"]
[Site "Batumi"]
[Date "2018.10.02"]
[Round "8"]
[Board "2"]
[WhiteFideId "7501005"]
[White "Capella Rurik"]
[BlackFideId "12000108"]
[Black "Mannhart Marcel"]
[Result "0-1"]
[LiveChessVersion "1.4.8"]
[BlackElo "2096"]
[WhiteElo "1979"]

1. e4 {[%clk 1:30:51]} c5 {[%clk 1:30:37]} 2. Nf3 {[%clk 1:30:39]} g6
{[%clk 1:30:39]} 3. c3 {[%clk 1:29:46]} Bg7 {[%clk 1:30:00]} 4. Bc4
{[%clk 1:29:48]} Nc6 {[%clk 1:24:44]} 5. d4 {[%clk 1:28:38]} cxd4
{[%clk 1:24:48]} 6. cxd4 {[%clk 1:28:45]} Qb6 {[%clk 1:12:43]} 7. Nc3
{[%clk 1:09:47]} d6 {[%clk 1:02:20]} 8. O-O {[%clk 1:02:03]} Nh6 {[%clk 0:54:14]}
9. Nd5 {[%clk 0:57:28]} Qd8 {[%clk 0:52:39]} 10. h3 {[%clk 0:57:36]} O-O
{[%clk 0:51:30]} 11. Bg5 {[%clk 0:56:20]} Kh8 {[%clk 0:51:36]} 12. Qd2
{[%clk 0:51:53]} Ng8 {[%clk 0:51:50]} 13. b4 {[%clk 0:48:02]} f6 {[%clk 0:48:56]}
14. Be3 {[%clk 0:46:32]} Re8 {[%clk 0:44:00]} 15. Rac1 {[%clk 0:42:51]} e6
{[%clk 0:41:46]} 16. Nf4 {[%clk 0:42:50]} g5 {[%clk 0:37:39]} 17. Nh5
{[%clk 0:40:54]} Nce7 {[%clk 0:34:39]} 18. Nxg7 {[%clk 0:35:16]} Kxg7
{[%clk 0:35:00]} 19. g4 {[%clk 0:29:57]} Ng6 {[%clk 0:33:06]} 20. e5
{[%clk 0:28:02]} h6 {[%clk 0:28:21]} 21. Rfd1 {[%clk 0:12:23]} Rf8
{[%clk 0:26:13]} 22. exd6 {[%clk 0:11:01]} Qxd6 {[%clk 0:26:28]} 23. d5
{[%clk 0:11:03]} Re8 {[%clk 0:23:00]} 24. Bc5 {[%clk 0:10:50]} Qf4
{[%clk 0:22:36]} 25. Qc3 {[%clk 0:09:22]} exd5 {[%clk 0:22:21]} 26. Rxd5
{[%clk 0:06:44]} Bxg4 {[%clk 0:20:19]} 27. hxg4 {[%clk 0:04:45]} Qxg4+
{[%clk 0:20:37]} 28. Kf1 {[%clk 0:01:55]} Nf4 {[%clk 0:18:06]} 29. Ne1
{[%clk 0:01:48]} b5 {[%clk 0:08:47]} 30. Qg3 {[%clk 0:01:28]} Qh5
{[%clk 0:08:02]} 31. Rd7+ {[%clk 0:01:27]} Kh8 {[%clk 0:07:55]} 32. Kg1
{[%clk 0:00:35]} bxc4 {[%clk 0:08:12]} 0-1

[Event "World Chess Olympiad 2018"]
[Site "Batumi"]
[Date "2018.10.02"]
[Round "8"]
[Board "3"]
[WhiteFideId "12000078"]
[White "Guller Andras"]
[BlackFideId "7500041"]
[Black "Izijk Jimmy"]
[Result "1/2-1/2"]
[LiveChessVersion "1.4.8"]
[BlackElo "1995"]
[WhiteElo "2012"]

1. e4 {[%clk 1:30:52]} c5 {[%clk 1:30:51]} 2. Nf3 {[%clk 1:31:15]} a6
{[%clk 1:30:29]} 3. c4 {[%clk 1:30:19]} d6 {[%clk 1:30:42]} 4. d4
{[%clk 1:30:27]} cxd4 {[%clk 1:31:03]} 5. Qxd4 {[%clk 1:30:51]} Nc6
{[%clk 1:31:08]} 6. Qd2 {[%clk 1:31:12]} Nf6 {[%clk 1:31:13]} 7. Nc3
{[%clk 1:31:06]} g6 {[%clk 1:31:24]} 8. b3 {[%clk 1:30:26]} Bg7 {[%clk 1:31:18]}
9. Bb2 {[%clk 1:30:47]} O-O {[%clk 1:31:37]} 10. h3 {[%clk 1:27:15]} Rb8
{[%clk 1:18:09]} 11. Bd3 {[%clk 1:24:42]} Nb4 {[%clk 1:16:40]} 12. Bb1
{[%clk 1:22:52]} Nc6 {[%clk 1:13:27]} 13. O-O {[%clk 1:13:49]} b5
{[%clk 1:12:55]} 14. cxb5 {[%clk 1:14:11]} axb5 {[%clk 1:13:20]} 15. Nd5
{[%clk 1:07:43]} e6 {[%clk 1:08:35]} 16. Nxf6+ {[%clk 0:58:36]} Bxf6
{[%clk 1:08:51]} 17. Bxf6 {[%clk 0:58:56]} Qxf6 {[%clk 1:09:12]} 18. Bd3
{[%clk 0:58:54]} Ne5 {[%clk 1:01:35]} 19. Nxe5 {[%clk 0:48:28]} Qxe5
{[%clk 1:01:58]} 20. Qe2 {[%clk 0:47:25]} b4 {[%clk 1:00:30]} 21. a4
{[%clk 0:34:59]} bxa3 {[%clk 0:59:50]} 22. Rxa3 {[%clk 0:35:17]} Bb7
{[%clk 0:59:28]} 23. b4 {[%clk 0:30:17]} d5 {[%clk 0:58:57]} 24. Re1
{[%clk 0:17:33]} Rfc8 {[%clk 0:56:57]} 25. Rb3 {[%clk 0:11:19]} Rc3
{[%clk 0:37:26]} 26. Rxc3 {[%clk 0:10:59]} Qxc3 {[%clk 0:37:37]} 27. exd5
{[%clk 0:10:54]} Bxd5 {[%clk 0:31:30]} 28. b5 {[%clk 0:11:08]} Ra8
{[%clk 0:27:32]} 29. Rb1 {[%clk 0:09:42]} Ra2 {[%clk 0:27:16]} 30. Qf1
{[%clk 0:09:12]} Rd2 {[%clk 0:26:07]} 31. Rd1 {[%clk 0:09:04]} Rb2
{[%clk 0:24:04]} 32. Qe1 {[%clk 0:08:47]} Qf6 {[%clk 0:19:19]} 33. Bf1
{[%clk 0:08:36]} h6 {[%clk 0:15:06]} 34. Qe3 {[%clk 0:07:51]} Kg7
{[%clk 0:14:13]} 35. Qd4 {[%clk 0:06:20]} Qxd4 {[%clk 0:13:58]} 36. Rxd4
{[%clk 0:06:41]} Kf6 {[%clk 0:14:15]} 37. Rd1 {[%clk 0:02:39]} Ke5
{[%clk 0:13:55]} 38. Bd3 {[%clk 0:02:26]} Kd6 {[%clk 0:13:55]} 39. Rc1
{[%clk 0:01:34]} Rb3 {[%clk 0:13:36]} 40. Be2 {[%clk 0:31:33]} Be4
{[%clk 0:42:52]} 41. f3 {[%clk 0:24:30]} Rb1 {[%clk 0:39:03]} 42. Rxb1
{[%clk 0:24:52]} Bxb1 {[%clk 0:39:31]} 43. Kf2 {[%clk 0:24:47]} Bc2
{[%clk 0:37:38]} 44. Ke3 {[%clk 0:17:17]} Kc5 {[%clk 0:37:10]} 45. h4
{[%clk 0:14:01]} Ba4 {[%clk 0:34:44]} 46. Kf4 {[%clk 0:12:13]} 1/2-1/2

[Event "World Chess Olympiad 2018"]
[Site "Batumi"]
[Date "2018.10.02"]
[Round "8"]
[Board "4"]
[WhiteFideId "7500564"]
[White "Pietersz David"]
[BlackFideId "14531216"]
[Black "Jelic Dejan"]
[Result "0-1"]
[LiveChessVersion "1.4.8"]
[BlackElo "1890"]
[WhiteElo "1831"]

1. e4 {[%clk 1:30:55]} c5 {[%clk 1:30:54]} 2. Nc3 {[%clk 1:31:14]} d6
{[%clk 1:30:59]} 3. g3 {[%clk 1:31:33]} e5 {[%clk 1:30:13]} 4. Bg2
{[%clk 1:30:55]} Nc6 {[%clk 1:28:40]} 5. d3 {[%clk 1:30:10]} h6 {[%clk 1:25:31]}
6. Nge2 {[%clk 1:22:50]} Nf6 {[%clk 1:25:05]} 7. O-O {[%clk 1:20:25]} Be7
{[%clk 1:22:14]} 8. h3 {[%clk 1:07:56]} Bd7 {[%clk 1:16:02]} 9. Be3
{[%clk 1:05:19]} Nd4 {[%clk 1:13:06]} 10. f4 {[%clk 1:02:45]} Qc7
{[%clk 1:10:29]} 11. Qd2 {[%clk 0:53:56]} Bc6 {[%clk 1:07:22]} 12. Nd5
{[%clk 0:46:24]} Bxd5 {[%clk 0:59:48]} 13. exd5 {[%clk 0:46:40]} Nxe2+
{[%clk 0:52:08]} 14. Qxe2 {[%clk 0:46:58]} O-O {[%clk 0:48:11]} 15. fxe5
{[%clk 0:44:31]} dxe5 {[%clk 0:48:27]} 16. Rf2 {[%clk 0:40:27]} Rad8
{[%clk 0:44:22]} 17. c4 {[%clk 0:40:40]} Rfe8 {[%clk 0:35:25]} 18. Raf1
{[%clk 0:32:41]} Rd6 {[%clk 0:31:15]} 19. Rf5 {[%clk 0:25:30]} Ra6
{[%clk 0:30:27]} 20. a3 {[%clk 0:24:58]} e4 {[%clk 0:27:36]} 21. dxe4
{[%clk 0:22:22]} Qxg3 {[%clk 0:27:23]} 22. Bf4 {[%clk 0:11:59]} Qg6
{[%clk 0:27:19]} 23. Kh1 {[%clk 0:10:54]} Bd6 {[%clk 0:27:01]} 24. Bxd6
{[%clk 0:10:23]} Rxd6 {[%clk 0:27:27]} 25. e5 {[%clk 0:06:37]} Rb6
{[%clk 0:26:57]} 26. d6 {[%clk 0:01:05]} Rxd6 {[%clk 0:27:11]} 27. Kh2
{[%clk 0:00:32]} Rb6 {[%clk 0:24:39]} 28. Bd5 {[%clk 0:00:35]} Nxd5
{[%clk 0:20:06]} 29. cxd5 {[%clk 0:01:03]} Rb3 {[%clk 0:20:07]} 30. Qf2
{[%clk 0:01:23]} Qb6 {[%clk 0:19:38]} 31. Re1 {[%clk 0:00:34]} Rxb2
{[%clk 0:19:47]} 32. Re2 {[%clk 0:01:03]} Rxe2 {[%clk 0:19:50]} 33. Qxe2
{[%clk 0:01:31]} Qb1 {[%clk 0:19:19]} 34. Qf2 {[%clk 0:01:38]} Qe4
{[%clk 0:19:17]} 35. Rxf7 {[%clk 0:00:46]} Qxe5+ {[%clk 0:19:31]} 36. Qf4
{[%clk 0:00:36]} Qxf4+ {[%clk 0:18:47]} 37. Rxf4 {[%clk 0:00:57]} Re5
{[%clk 0:19:05]} 38. Rc4 {[%clk 0:00:39]} Rxd5 {[%clk 0:19:26]} 0-1

[Event "World Chess Olympiad 2018"]
[Site "Batumi"]
[Date "2018.10.02"]
[Round "8"]
[Board "1"]
[WhiteFideId "11800011"]
[White "Berardi Giancarlo"]
[BlackFideId "19900023"]
[Black "Aw Ousmane"]
[Result "1/2-1/2"]
[LiveChessVersion "1.4.8"]
[BlackElo "1880"]
[WhiteElo "1766"]

1. c4 {[%clk 1:30:52]} Nf6 {[%clk 1:30:53]} 2. Nc3 {[%clk 1:30:55]} g6
{[%clk 1:31:01]} 3. g3 {[%clk 1:31:14]} c6 {[%clk 1:31:22]} 4. Bg2
{[%clk 1:31:21]} d5 {[%clk 1:31:34]} 5. cxd5 {[%clk 1:31:11]} cxd5
{[%clk 1:31:49]} 6. d4 {[%clk 1:30:21]} Bg7 {[%clk 1:31:51]} 7. Nf3
{[%clk 1:29:37]} O-O 8. O-O Ne4 {[%clk 1:29:57]} 9. Qb3 {[%clk 1:24:23]} e6
{[%clk 1:27:43]} 10. e3 {[%clk 1:18:03]} Nc6 {[%clk 1:28:01]} 11. Nd2
{[%clk 1:16:50]} Nxd2 {[%clk 1:26:47]} 12. Bxd2 {[%clk 1:16:31]} Na5
{[%clk 1:27:09]} 13. Qd1 {[%clk 1:13:20]} Nc4 {[%clk 1:27:17]} 14. b3
{[%clk 1:13:14]} Nxd2 {[%clk 1:27:13]} 15. Qxd2 {[%clk 1:13:30]} Qa5
{[%clk 1:27:01]} 16. Rfc1 {[%clk 1:10:00]} Bd7 {[%clk 1:25:15]} 17. Rc2
{[%clk 1:06:57]} Bc6 {[%clk 1:24:31]} 18. a3 {[%clk 1:04:48]} e5 {[%clk 1:18:11]}
19. b4 {[%clk 1:04:50]} Qb6 {[%clk 1:15:51]} 20. b5 {[%clk 1:01:08]} exd4
{[%clk 1:15:53]} 21. exd4 {[%clk 0:57:02]} Bd7 {[%clk 1:12:27]} 22. Nxd5
{[%clk 0:55:18]} Qxd4 {[%clk 1:08:25]} 23. Qxd4 {[%clk 0:55:32]} Bxd4
{[%clk 1:08:16]} 24. Rac1 {[%clk 0:55:50]} Be6 {[%clk 0:50:33]} 25. Ne7+
{[%clk 0:51:51]} Kg7 {[%clk 0:49:00]} 26. Bxb7 {[%clk 0:51:20]} Rae8
{[%clk 0:42:59]} 27. Nd5 {[%clk 0:46:01]} Rd8 {[%clk 0:36:33]} 28. Nb4
{[%clk 0:43:13]} Bf5 {[%clk 0:32:57]} 29. Rd2 {[%clk 0:38:43]} Bf6
{[%clk 0:28:49]} 30. Nd5 {[%clk 0:31:52]} Be4 {[%clk 0:26:18]} 31. Nxf6
{[%clk 0:22:48]} Bxb7 {[%clk 0:22:36]} 32. Rxd8 {[%clk 0:21:46]} Rxd8
{[%clk 0:22:59]} 1/2-1/2

[Event "World Chess Olympiad 2018"]
[Site "Batumi"]
[Date "2018.10.02"]
[Round "8"]
[Board "2"]
[WhiteFideId "19900058"]
[White "Gueye Elhadji Gorgui"]
[BlackFideId "11800046"]
[Black "Grassi Enrico"]
[Result "1/2-1/2"]
[LiveChessVersion "1.4.8"]
[BlackElo "1965"]
[WhiteElo "2026"]

1. d4 {[%clk 1:30:57]} Nf6 {[%clk 1:30:51]} 2. c4 {[%clk 1:31:24]} c5
{[%clk 1:31:09]} 3. Nf3 {[%clk 1:31:38]} cxd4 {[%clk 1:30:29]} 4. Nxd4
{[%clk 1:31:40]} g6 {[%clk 1:30:54]} 5. Nc3 {[%clk 1:32:03]} Bg7 {[%clk 1:31:15]}
6. e4 {[%clk 1:28:16]} d6 {[%clk 1:31:36]} 7. Be2 {[%clk 1:27:28]} O-O
{[%clk 1:31:47]} 8. O-O {[%clk 1:27:45]} Bd7 {[%clk 1:31:44]} 9. Be3
{[%clk 1:18:19]} Nc6 {[%clk 1:32:09]} 10. Qd2 {[%clk 1:17:21]} Nxd4
{[%clk 1:32:07]} 11. Bxd4 {[%clk 1:17:31]} Bc6 {[%clk 1:32:33]} 12. f3
{[%clk 1:17:17]} Nd7 {[%clk 1:30:08]} 13. Rad1 {[%clk 1:09:00]} Bxd4+
{[%clk 1:28:13]} 14. Qxd4 {[%clk 1:09:28]} Qb6 {[%clk 1:19:12]} 15. b3
{[%clk 1:08:19]} Qxd4+ {[%clk 1:16:50]} 16. Rxd4 {[%clk 1:08:47]} a5
{[%clk 1:16:45]} 17. Rfd1 {[%clk 1:06:42]} Rac8 {[%clk 1:05:21]} 18. f4
{[%clk 0:58:08]} Nc5 {[%clk 0:57:19]} 19. g3 {[%clk 0:52:53]} Rcd8
{[%clk 0:47:57]} 20. Bg4 {[%clk 0:45:16]} b6 {[%clk 0:45:55]} 21. Kf2
{[%clk 0:37:31]} Rfe8 {[%clk 0:45:15]} 22. e5 {[%clk 0:35:23]} Nb7
{[%clk 0:45:27]} 23. Bf3 {[%clk 0:32:52]} Bxf3 {[%clk 0:45:18]} 24. Kxf3
{[%clk 0:33:16]} dxe5 {[%clk 0:43:38]} 25. Rxd8 {[%clk 0:33:30]} Rxd8
{[%clk 0:42:51]} 26. Rxd8+ {[%clk 0:26:49]} Nxd8 {[%clk 0:43:16]} 27. Nd5
{[%clk 0:26:26]} exf4 {[%clk 0:42:18]} 28. gxf4 {[%clk 0:26:39]} Nc6
{[%clk 0:42:06]} 29. Nxb6 {[%clk 0:23:24]} Nb4 {[%clk 0:41:52]} 30. c5
{[%clk 0:19:45]} Kf8 {[%clk 0:42:12]} 31. a3 {[%clk 0:15:35]} Nc6
{[%clk 0:42:14]} 32. Ke4 {[%clk 0:15:42]} e6 {[%clk 0:39:38]} 33. Nd7+
{[%clk 0:11:18]} Ke7 {[%clk 0:39:27]} 34. Ne5 {[%clk 0:11:41]} f5+
{[%clk 0:38:08]} 35. Ke3 {[%clk 0:08:09]} Nxe5 {[%clk 0:37:51]} 36. fxe5
{[%clk 0:08:09]} Kd7 {[%clk 0:38:12]} 37. b4 {[%clk 0:07:28]} axb4
{[%clk 0:38:22]} 38. axb4 {[%clk 0:06:41]} Kc6 {[%clk 0:38:41]} 39. Kd4
{[%clk 0:04:00]} Kb5 {[%clk 0:37:16]} 40. Kd3 {[%clk 0:33:28]} g5
{[%clk 1:06:52]} 1/2-1/2